| 000 | 01600ncm a2200505 4500 | ||
|---|---|---|---|
| 001 | 21558 | ||
| 003 | VRT | ||
| 005 | 20260305084432.0 | ||
| 007 | qu | ||
| 008 | 210903s2001 xr sgg b b slo d | ||
| 020 |
_a807186594X (brožované) _z9788071865940 |
||
| 040 |
_aSVKBB _bslo _cSVKBB _eAACR2 |
||
| 041 | 0 | _aslo | |
| 044 |
_axr _cCZ |
||
| 048 | _avn | ||
| 072 | 7 |
_a784 _xVokálna hudba _2konspekt |
|
| 072 | 7 |
_a783 _xCirkevná hudba. Duchovná hudba. Náboženská hudba _2konspekt |
|
| 080 |
_a784.67 _22011 |
||
| 080 |
_a(0:82-192) _22011 |
||
| 080 |
_a(0.053.2) _22011 |
||
| 080 |
_a783.65 _22011 |
||
| 080 |
_a784.67:784.9 _22011 |
||
| 084 |
_a2.1.2 _2snlmc |
||
| 245 | 0 | 0 |
_aSpievame vianočné koledy _hhudobnina _cilustrácie Gisela Gottschlichová ; zostavila Eva Krekovičová |
| 250 | _aŠtvrté vydanie | ||
| 260 |
_aV Prahe _bEgmont _c2001 |
||
| 300 |
_a1 spevník [36 s.] _bilustr. _c22 cm |
||
| 382 | _aspev | ||
| 650 | 0 | 7 |
_avokálna hudba _2SNKPH |
| 650 | 0 | 7 |
_avianočné koledy _2SNKPH |
| 650 | 0 | 7 |
_akoledy (spev) _2SNKPH |
| 650 | 0 | 7 |
_aVocal music _2SNKPHeng |
| 650 | 0 | 7 |
_aChristmas carols _2SNKPHeng |
| 650 | 0 | 7 |
_aCarols (voice) _2SNKPHeng |
| 655 | 7 |
_apublikácie pre deti _2SNKPH |
|
| 655 | 7 |
_aspevníky _2SNKPH |
|
| 655 | 7 |
_aPublications for children _2SNKPHeng |
|
| 655 | 7 |
_aSongbooks _2SNKPHeng |
|
| 700 | 1 |
_aKrekovičová, Eva, _d1949- _4com |
|
| 700 | 1 |
_aGottschlich, Gisela _4ill |
|
| 752 |
_aČesko _dPraha |
||
| 942 |
_2ddc _cKLDE _n0 |
||
| 949 |
_6270001000618364 _asvkbbH2 1778 _bsvkbbh 13056 |
||
| 999 |
_c21558 _d21558 |
||